000 00412nam a22001577a 4500
999 _c17524
_d17524
003 OSt
005 20221104145557.0
008 221104b ||||| |||| 00| 0 eng d
040 _c.
100 _aLeyco, Chino S.
_946603
245 _aNEDA sees poverty to halve by 2022 /
260 _aPhilippines ; Manila Bulletin,
_cJanuary 16, 2020.
300 _apage B-2
650 _aPoverty.
_946604
942 _2ddc
_cPER